Datum a čas kvízu

24 Celkem bodů Celkový počet nahraných bodů na tomto kvízu bez doplňovacích otázek.
10. Pořadí na kvízu Konečné umístění týmu na tomto kvízu.

Zaznamenané odpovědi

# Otázka Odpověď Body Výsledky
1. V úvodním tématu se budeme věn... Bude do funkce uveden nový prezident. 1
2. Na začátku tohoto roku napadlo... 24. února 2022 0
3. V polovině roku 2022 převzala... Francie 0
4. V minulém týdnu jsme slavili d... den konce 1. světové války 1
5. První účast na olympiádě a k t... ženské hokejové reprezentaci 0
6. 17. listopad je označen jako M... Jan Opletal 1
7. Vytištěný leták k manifestaci... Karel Hynek Mácha 0
8. Jak s pátkem 17. listopadu 198... vrátná na kolejích, která si vymyslela lež o mrtvém studentovi Martinu Šmídovi 0
9. „Začátek generální stáv... Tatra Kopřivnice 0
10. Jistě všichni znáte pamětní de... C 0